000 003640000a22001570004500
001 001791
003 MACL
040 _aMACL
090 _c13784
_d13783
100 _aMahadevan, Madhavi S.
245 _aHanuman's Adventure In The Nether World
_cMadhavi S. Mahadevan
260 _aKatha,
_c2005
350 _a200
650 _aChildren's Book
942 _k742
_cBook
999 _c13707
_d13707